Schlösser und Herrenhäuser in der Oberlausitz vom 18. bis zum 20. Jahrhundert
| Titel: | Schlösser und Herrenhäuser in der Oberlausitz vom 18. bis zum 20. Jahrhundert |
|---|---|
| Verfasser: | |
| In: |
Adel in Schlesien und in der Oberlausitz ; 2. Mittelalter, Neuzeit, Gegenwart, (2014), Seite 50-57, 8 Abb. alle Artikel anzeigen |
| Veröffentlicht: | 2014 |
| Format: | Aufsatz |
| Sprache: | Deutsch; Polnisch |
X
alg: 39231818 001A $01999:11-11-16 001B $01999:17-05-21 $t20:30:45.000 001D $01999:11-11-16 001U $0utf8 001X $00 002@ $0Aox 003@ $0392318180 007A $0392318180 $aHEB 007T $0Herdc0106371m 010@ $ager $apol 011@ $a2014 021A $aSchlösser und Herrenhäuser in der Oberlausitz vom 18. bis zum 20. Jahrhundert 027A $aPałace i dwory Górnych Łużyc od XVIII do XX wieku 028A $aDonath $dMatthias 031A $h50-57, 8 Abb. $j2014 037A $aDeutscher und polnischer Text 037A $aTekst w języku polskim i niemieckim039B $aIn $8--Afu--. Adel in Schlesien und in der Oberlausitz ; 2. Mittelalter, Neuzeit, Gegenwart. - Dresden : Sandstein, 2014. - 340 Seiten. - Illustrationen, Karten. - ISBN 978-3-95498-097-0 $x201400000000000950 $9348080239 045F $a709.438 $eDDC23BSB 045F/01 $a709 045F/03 $g438 045F/03 $g4385 046B $aParallelt.: Pałace i dwory Górnych Łużyc od XVIII do XX wieku lok: 39231818 78 exp: 39231818 78 1 #EPN 201B/01 $019-04-17 $t11:10:29.000 201U/01 $0utf8 203@/01 $0788415522 208@/01 $a11-11-16 $be 209A/01 $a/ $f000 $x00 220C/01 $aTitelaufnehmer: pg 220C/01 $aHerkunft: HI Marburg 244Z/01 $2Trx $#Silesia $#Śląsk $#Sliezsko $#Slezsko $8--Trx--Schlesien $x01 $9391173987 244Z/01 $2Trx $#Poola $#Lenkija $#Polija $#Polen Land $#Poland $#Lengyelország $#Poľsko $#Polsko $8--Trx--Polska$gkraj $x02 $9391345966 244Z/01 $aGeschichte 1700-2000 $x03 244Z/01 $2Trx $#lossid ja paleed $#pilys ir rūmai $#Castles and palaces $#kastélyok és paloták $#zamki i pałace $#zámky a paláce $#zámky a paláce $#Paläste $#Architektur Schlösser $#pałace $#paláce $#paláce $8--Trx--Schlösser und Paläste $x04 $9391360531 244Z/01 $2Trx $#mõisad $#dvarai $#Manors $#jószágok $#dwory ziemiańskie $#statky zemianske $#statky budovy $#Gutshöfe $#kaštiele $8--Trx--Gutshäuser $x05 $9391372025 244Z/01 $2Trx $8--Trx--Einzelbeiträge $x06 $9391384570 245Z/01 $a11.11 $x01 247C/01 $82080>Marburg/Lahn, Herder-Institut, Forschungsbibliothek, Bibliographieportal $9336309341
| LEADER | 00000caa a22000002c 4500 | ||
|---|---|---|---|
| 001 | 392318180 | ||
| 003 | DE-603 | ||
| 005 | 20210517203045.0 | ||
| 007 | tu | ||
| 008 | 161111s2014 xx |||| | u00||u|ger c | ||
| 035 | |a (DE-599)HEB392318180 | ||
| 040 | |a DE-603 |b ger |c DE-603 |d DE-603 | ||
| 041 | |a ger |a pol | ||
| 082 | 0 | 4 | |8 1\u |a 709.438 |q DE-101 |2 23/BSB |
| 085 | |8 1\u |b 709 | ||
| 085 | |8 1\u |z 2 |s 438 | ||
| 085 | |8 1\u |z 2 |s 4385 | ||
| 100 | 1 | |a Donath, Matthias | |
| 245 | 0 | 0 | |a Schlösser und Herrenhäuser in der Oberlausitz vom 18. bis zum 20. Jahrhundert |
| 246 | 0 | 1 | |i Parallelt. |a Pałace i dwory Górnych Łużyc od XVIII do XX wieku |
| 246 | 1 | 3 | |a Pałace i dwory Górnych Łużyc od XVIII do XX wieku |
| 264 | 0 | |c 2014 | |
| 500 | |a Deutscher und polnischer Text | ||
| 500 | |a Tekst w języku polskim i niemieckim <pol> | ||
| 773 | 0 | 8 | |i In |t Adel in Schlesien und in der Oberlausitz ; 2. Mittelalter, Neuzeit, Gegenwart |d Dresden : Sandstein, 2014 |h 340 Seiten, Illustrationen, Karten |z 9783954980970 |z 3954980975 |g (2014), Seite 50-57, 8 Abb. |w (DE-603)348080239 |
| 924 | 0 | |9 2080 |a (DE-603)788415522 |b DE-2080 |c HES |d d |g / | |


